000 00500nam a2200181Ia 4500
003 OSt
005 20200925114221.0
008 190216s9999||||xx |||||||||||||| ||und||
020 _a9788121905473
040 _coclc
082 _a581.5
_bSHU/P
100 _aShukla, R S
_94801
245 0 _aPlant Ecology /
_cR S Shukla ; P S Chandel
260 _bS Chand & Company,
_c2000.
_aNew Delhi:
300 _a384p
650 _aBotany
942 _cBK
_2ddc
_h581.5
_iSHU/P
_k581.5
_mSHU/P
999 _c1498
_d1498